Alejandro Rossi : (Record no. 1471)
[ view plain ]
| 000 -CABECERA | |
|---|---|
| campo de control de longitud fija | 00900ngm a2200205 a 4500 |
| 005 - FECHA Y HORA DE LA ÚLTIMA TRANSACCIÓN | |
| campo de control | 20240806063832.0 |
| 008 - ELEMENTOS DE LONGITUD FIJA--INFORMACIÓN GENERAL | |
| campo de control de longitud fija | 991125s1999 mx 057 d daspa u |
| 035 ## - NÚMERO DE CONTROL DEL SISTEMA | |
| Número de control de sistema | UPN01000001471 |
| 049 ## - COLECCIÓN | |
| Colección | AV |
| 099 ## - CLASIFICACIÓN LOCAL | |
| Clasificación local | PVI P 0728 |
| 100 1# - ASIENTO PRINCIPAL--NOMBRE PERSONAL | |
| Nombre de persona | Lavista, Paulina |
| 245 10 - MENCIÓN DE TÍTULO | |
| Título | Alejandro Rossi : |
| Resto del título | letras, viajes, ideas / |
| Mención de responsabilidad, etc. | dir. Paulina Lavista. |
| 260 ## - PUBLICACIÓN, DISTRIBUCIÓN, ETC. | |
| Lugar de publicación, distribución, etc. | México : |
| Nombre del editor, distribuidor, etc. | Canal 22 ; |
| -- | CNCA, |
| Fecha de publicación, distribución, etc. | 1999. |
| 300 ## - DESCRIPCIÓN FÍSICA | |
| Extensión | 1 videocasete (VHS) (57 min.). |
| 440 #0 - MENCIÓN DE SERIE/ASIENTO SECUNDARIO--TÍTULO | |
| Título | Literatura. |
| Nombre de parte o sección de la obra | Creadores eméritos |
| 520 ## - NOTA DE RESUMEN, ETC. | |
| Sumario, etc. | Programa que muestra a Alejandro Rossi como mexicano filósofo, narrador y ensayista que irrumpe en el panorama literario hacia los años setenta. Distinguido por la crítica como un extraordinario ensayista y por la utilización de la prosa incisiva e irónica de claridad conceptual |
| 600 14 - ASIENTO SECUNDARIO DE MATERIA - NOMBRE PERSONAL | |
| Nombre de persona | ROSSI, ALEJANDRO, |
| Fechas asociadas al nombre | 1932-2009 |
| 9 (RLIN) | 13021 |
| 650 #4 - ASIENTO SECUNDARIO DE MATERIA - TERMINO TEMATICO | |
| Término de materia o nombre geográfico como elemento de entrada | Literatura mexicana |
| 9 (RLIN) | 4466 |
| 905 ## - TIPO DE MATERIAL | |
| Tipo de material | Audiovisuales |
| Estado de retiro | Estado de pérdida | Fuente del sistema de clasificación o colocación | Estado dañado | No para préstamo | Código de colección | Localización permanente | Ubicación/localización actual | Ubicación en estantería | Total de préstamos | Clasificación | Código de barras | Fecha visto por última vez | Número de copia | Tipo de ítem Koha |
|---|---|---|---|---|---|---|---|---|---|---|---|---|---|---|
| Library of Congress Classification | Audiovisuales | Bib. Gregorio Torres Quintero | Bib. Gregorio Torres Quintero | Audiovisual | PVI P 0728 | 164805 | 31/12/2020 | 1 | Videocasete |
